[Event "11th Arad Open 2018"]
[Site "Arad"]
[Date "2018.08.12"]
[Round "9"]
[White "Zawadzka, Jolanta"]
[Black "Banzea, Alexandru-Bogdan"]
[Result "0-1"]
[WhiteElo "2435"]
[BlackElo "2313"]
[Annotator "NA"]
[PlyCount "94"]
[EventDate "2018.08.05"]
[EventType "swiss"]
[EventCountry "ROU"]
[SourceTitle "playchess.com"]
[Source "ChessBase"]
[SourceQuality "1"]
[TimeControl "40/5400+30:1800+30"]

1. e4 {[%emt 0:00:00]} c6 {[%emt 0:01:05]} 2. Nc3 {[%emt 0:00:00]} d5 {[%emt 0:00:08]} 3. Nf3 {[%emt 0:00:00]} dxe4 {[%emt 0:00:20]} 4. Nxe4 {[%emt 0:00:00]} Nf6 {[%emt 0:00:01]} 5. Nxf6+ {[%emt 0:00:20]} exf6 {[%emt 0:00:04]} 6. Bc4 {[%emt 0:01:47]} Bd6 {[%emt 0:02:00]} 7. O-O {[%emt 0:00:54]} O-O {[%emt 0:00:10] LiveBook: 9 Games} 8. h3 {[%emt 0:01:45]} Re8 $11 {[%emt 0:01:51]} 9. Bb3 {[%emt 0:10:35]} Nd7 {[%emt 0:08:18]} 10. d4 {[%emt 0:01:27]} a5 {[%emt 0:06:06]} 11. c4 {[%emt 0:03:28]} Nf8 {[%emt 0:03:02]} 12. Be3 {[%emt 0:02:16]} Qc7 {[%emt 0:05:22]} 13. Qd2 {[%emt 0:08:01]} Ng6 {[%emt 0:03:30]} 14. Bc2 {[%emt 0:06:34]} f5 {[%emt 0:09:45]} 15. Qd3 {[%emt 0:09:45]} Nf4 16. Bxf4 {[%emt 0:00:05]} Bxf4 {[%emt 0:03:49]} 17. Rfe1 {[%emt 0:01:54]} Bd7 {[%emt 0:04:25]} 18. Ne5 {[%emt 0:00:33]} g6 {[%emt 0:09:47]} 19. Rad1 {[%emt 0:03:17]} Rad8 {[%emt 0:02:39]} 20. Qc3 {[%emt 0:03:26]} Bc8 {[%emt 0:05:09]} 21. Ba4 {[%emt 0:08:42]} Bh6 {[%emt 0:05:10]} 22. c5 {[%emt 0:13:55]} Be6 {[%emt 0:02:05]} 23. Bb3 {[%emt 0:00:47]} Bg7 {[%emt 0:02:30]} 24. Bxe6 {[%emt 0:00:26]} Rxe6 {[%emt 0:00:28]} 25. Nf3 {[%emt 0:04:44]} Re4 {[%emt 0:01:42]} 26. b3 {[%emt 0:02:05]} Rd5 {[%emt 0:02:40]} 27. Re3 {[%emt 0:05:15]} Qd8 {[%emt 0:01:38]} 28. Red3 {[%emt 0:01:26]} h5 {[%emt 0:02:26]} 29. Ne5 {[%emt 0:04:51]} Qc7 {[%emt 0:01:57]} 30. Nf3 {[%emt 0:02:12]} Bf6 {[%emt 0:00:34]} 31. Ne1 {[%emt 0:02:39]} Qd8 {[%emt 0:01:30]} 32. Nc2 {[%emt 0:00:10]} Kh7 {[%emt 0:02:12]} 33. f3 {[%emt 0:00:40]} Re6 {[%emt 0:00:29]} 34. Kh1 {[%emt 0:00:27]} Bg7 {[%emt 0:02:38]} 35. Re3 {[%emt 0:01:42]} Rxe3 {[%emt 0:00:21]} 36. Qxe3 {[%emt 0:00:32]} Rxc5 {[%emt 0:00:09]} 37. Qf2 {[%emt 0:01:19]} Rd5 {[%emt 0:00:28]} 38. Re1 {[%emt 0:00:28]} Bxd4 {[%emt 0:00:46]} 39. Nxd4 {[%emt 0:00:09]} Rxd4 {[%emt 0:00:05]} 40. a4 {[%emt 0:00:00]} Rd3 {[%emt 0:00:00]} 41. Qb2 {[%emt 0:21:23]} Qd5 {[%emt 0:18:33]} 42. Qf6 {[%emt 0:00:40]} Rd1 {[%emt 0:00:31]} 43. Qc3 {[%emt 0:01:14]} Rxe1+ {[%emt 0:00:17]} 44. Qxe1 {[%emt 0:00:04]} Qxb3 {[%emt 0:00:04]} 45. Qxa5 {[%emt 0:00:07]} b5 {[%emt 0:00:10]} 46. axb5 {[%emt 0:01:13]} cxb5 {[%emt 0:00:06]} 47. Kh2 {[%emt 0:00:13]} Qc4 {[%emt 0:00:08]} 0-1

[Event "11th Arad Open 2018"]
[Site "Arad"]
[Date "2018.08.12"]
[Round "9"]
[White "Filip, Lucian-Ioan"]
[Black "Tomici, Stefan"]
[Result "1/2-1/2"]
[WhiteElo "2426"]
[BlackElo "2306"]
[Annotator "NA"]
[PlyCount "62"]
[EventDate "2018.08.05"]
[EventType "swiss"]
[EventCountry "ROU"]
[SourceTitle "playchess.com"]
[Source "ChessBase"]
[SourceQuality "1"]
[TimeControl "40/5400+30:1800+30"]

1. d4 {[%emt 0:00:00]} e6 {[%emt 0:00:00]} 2. Nf3 {[%emt 0:00:19]} Nf6 {[%emt 0:00:26]} 3. c4 {[%emt 0:00:08]} Bb4+ {[%emt 0:00:05]} 4. Bd2 {[%emt 0:00:31]} Qe7 {[%emt 0:00:09]} 5. g3 {[%emt 0:00:11]} Nc6 {[%emt 0:00:10]} 6. Nc3 {[%emt 0:00:06]} O-O {[%emt 0:01:53]} 7. Bg2 {[%emt 0:00:07]} d6 $14 {[%emt 0:00:06] LiveBook: 151 Games} 8. O-O {[%emt 0:02:20]} a5 {[%emt 0:10:44]} 9. Rc1 {[%emt 0:27:49]} Bxc3 {[%emt 0:23:43]} 10. Bxc3 {[%emt 0:00:04]} e5 {[%emt 0:01:19]} 11. d5 {[%emt 0:00:49]} Nb8 {[%emt 0:03:59]} 12. c5 {[%emt 0:01:53]} Ne4 {[%emt 0:03:40]} 13. cxd6 {[%emt 0:00:09]} cxd6 {[%emt 0:00:06]} 14. Nd2 {[%emt 0:06:45]} Nxc3 {[%emt 0:02:46]} 15. Rxc3 {[%emt 0:00:03]} b5 {[%emt 0:19:00]} 16. Qb3 {[%emt 0:02:13]} Bd7 {[%emt 0:04:44]} 17. Rcc1 {[%emt 0:07:26]} Na6 {[%emt 0:07:16]} 18. Qe3 {[%emt 0:04:28]} f5 {[%emt 0:05:01]} 19. Nb3 {[%emt 0:05:21]} Qd8 {[%emt 0:04:06]} 20. Qd2 {[%emt 0:01:11]} b4 {[%emt 0:01:28]} 21. f4 {[%emt 0:01:26]} Qb6+ {[%emt 0:01:37]} 22. Kh1 {[%emt 0:02:52]} a4 {[%emt 0:00:20]} 23. Na1 {[%emt 0:00:21]} e4 {[%emt 0:02:53]} 24. Nc2 {[%emt 0:00:04]} Qb5 {[%emt 0:00:27]} 25. Rfd1 {[%emt 0:02:08]} Rac8 {[%emt 0:02:59]} 26. Bf1 {[%emt 0:02:03]} b3 {[%emt 0:02:01]} 27. axb3 {[%emt 0:08:06]} axb3 {[%emt 0:00:08]} 28. Nd4 {[%emt 0:16:50]} Qxd5 {[%emt 0:00:45]} 29. e3 {[%emt 0:00:05]} Qb7 {[%emt 0:00:20]} 30. Nxb3 {[%emt 0:01:43]} Qxb3 {[%emt 0:01:58]} 31. Bxa6 {[%emt 0:00:05]} Rxc1 {[%emt 0:00:12]} 1/2-1/2

[Event "11th Arad Open 2018"]
[Site "Arad"]
[Date "2018.08.12"]
[Round "9"]
[White "David, Alexandru-Vasile"]
[Black "Nastase, Robert-Paul"]
[Result "1-0"]
[WhiteElo "2421"]
[BlackElo "2299"]
[Annotator "NA"]
[PlyCount "51"]
[EventDate "2018.08.05"]
[EventType "swiss"]
[EventCountry "ROU"]
[SourceTitle "playchess.com"]
[Source "ChessBase"]
[SourceQuality "1"]
[TimeControl "40/5400+30:1800+30"]

1. c4 {[%emt 0:06:02]} e6 {[%emt 0:00:00]} 2. Nc3 {[%emt 0:00:16]} d5 {[%emt 0:00:00]} 3. d4 {[%emt 0:00:09]} Bb4 {[%emt 0:00:00]} 4. Nf3 {[%emt 0:00:07]} Nf6 {[%emt 0:00:00]} 5. cxd5 {[%emt 0:00:03]} exd5 {[%emt 0:00:01]} 6. Bg5 {[%emt 0:00:05]} Qd6 {[%emt 0:00:04]} 7. Nd2 {[%emt 0:00:07]} Bf5 {[%emt 0:00:19]} 8. e3 {[%emt 0:00:10]} Nbd7 {[%emt 0:01:41]} 9. Be2 {[%emt 0:00:08]} c6 {[%emt 0:00:52]} 10. a3 {[%emt 0:01:21]} Bxc3 {[%emt 0:03:14]} 11. bxc3 {[%emt 0:00:09]} O-O {[%emt 0:00:05]} 12. g4 {[%emt 0:01:52]} Be6 {[%emt 0:18:17]} 13. f4 {[%emt 0:01:48]} h6 {[%emt 0:00:04]} 14. Bh4 {[%emt 0:00:32]} Qe7 {[%emt 0:00:05]} 15. O-O {[%emt 0:14:59]} g5 {[%emt 0:09:57]} 16. fxg5 {[%emt 0:23:55]} Ne4 {[%emt 0:11:48]} 17. Nxe4 {[%emt 0:03:57]} dxe4 {[%emt 0:00:05]} 18. c4 {[%emt 0:00:04]} hxg5 {[%emt 0:02:01]} 19. Be1 {[%emt 0:00:06]} Rad8 {[%emt 0:05:17]} 20. Qb1 {[%emt 0:00:48]} f5 {[%emt 0:05:11]} 21. gxf5 {[%emt 0:04:49]} Bxf5 {[%emt 0:03:14]} 22. Qxb7 {[%emt 0:00:44]} Rb8 {[%emt 0:09:43]} 23. Qxc6 {[%emt 0:03:22]} Rf6 {[%emt 0:03:00]} 24. Qd5+ {[%emt 0:01:20]} Be6 {[%emt 0:00:03]} 25. Qxg5+ {[%emt 0:00:13]} Kh7 {[%emt 0:00:04]} 26. Rxf6 {[%emt 0:00:17]} 1-0

[Event "11th Arad Open 2018"]
[Site "Arad"]
[Date "2018.08.12"]
[Round "9"]
[White "Petrisor, Adrian-Marian"]
[Black "Gilea, Lucian"]
[Result "1-0"]
[WhiteElo "2416"]
[BlackElo "2279"]
[Annotator "NA RC"]
[PlyCount "37"]
[EventDate "2018.08.05"]
[EventType "swiss"]
[EventCountry "ROU"]
[SourceTitle "playchess.com"]
[Source "ChessBase"]
[SourceQuality "1"]
[TimeControl "40/5400+30:1800+30"]

1. e4 {[%emt 0:00:00]} c6 {[%emt 0:00:00]} 2. d4 {[%emt 0:00:00]} d5 {[%emt 0:00:00]} 3. e5 {[%emt 0:00:00]} Bf5 {[%emt 0:00:00]} 4. Nf3 {[%emt 0:01:43]} e6 {[%emt 0:00:08]} 5. Be2 $11 {[%emt 0:00:07] LiveBook: 5682 Games} c5 {[%emt 0:03:30]} 6. O-O {[%emt 0:02:23]} Nc6 {[%emt 0:03:31]} 7. Be3 {[%emt 0:00:14]} cxd4 {[%emt 0:08:05]} 8. Nxd4 {[%emt 0:00:19]} Nxd4 {[%emt 0:00:38]} 9. Qxd4 {[%emt 0:04:13]} Ne7 {[%emt 0:01:12]} 10. Qa4+ {[%emt 0:00:09]} Nc6 {[%emt 0:00:56]} 11. Bb5 {[%emt 0:00:45]} Qc7 {[%emt 0:02:28]} 12. c4 {[%emt 0:08:09]} dxc4 {[%emt 0:06:06]} 13. Nd2 {[%emt 0:00:40]} c3 {[%emt 0:01:59]} 14. Rac1 {[%emt 0:05:38]} c2 {[%emt 0:02:04]} 15. g4 {[%emt 0:11:12]} Bg6 {[%emt 0:01:30]} 16. f4 {[%emt 0:00:24]} O-O-O {[%emt 0:18:06]} 17. f5 {[%emt 0:04:00]} Qxe5 {[%emt 0:03:29]} 18. Nc4 {[%emt 0:00:36]} Qd5 {[%emt 0:02:35]} 19. Bxc6 {[%emt 0:02:21]} 1-0

[Event "11th Arad Open 2018"]
[Site "Arad"]
[Date "2018.08.12"]
[Round "9"]
[White "Roubalik, Jakub"]
[Black "Ciorgovean, Iustin"]
[Result "1-0"]
[WhiteElo "2402"]
[BlackElo "2245"]
[Annotator "NA"]
[PlyCount "55"]
[EventDate "2018.08.05"]
[EventType "swiss"]
[EventCountry "ROU"]
[SourceTitle "playchess.com"]
[Source "ChessBase"]
[SourceQuality "1"]
[TimeControl "40/5400+30:1800+30"]

1. d4 {[%emt 0:00:00]} Nf6 {[%emt 0:00:00]} 2. c4 {[%emt 0:00:00]} e6 {[%emt 0:04:53]} 3. Nf3 {[%emt 0:00:00]} c5 {[%emt 0:00:20]} 4. d5 {[%emt 0:00:11]} d6 {[%emt 0:00:14]} 5. Nc3 {[%emt 0:00:27]} exd5 {[%emt 0:00:06]} 6. cxd5 {[%emt 0:00:08]} g6 {[%emt 0:00:24]} 7. h3 {[%emt 0:00:53]} Bg7 {[%emt 0:00:14]} 8. e4 {[%emt 0:00:14]} O-O {[%emt 0:00:16]} 9. Bd3 {[%emt 0:00:11]} b5 {[%emt 0:02:44]} 10. Nxb5 {[%emt 0:00:23]} Nxe4 {[%emt 0:06:52]} 11. O-O {[%emt 0:00:12]} Re8 {[%emt 0:13:04]} 12. Re1 {[%emt 0:00:20]} a6 {[%emt 0:09:45]} 13. Nc3 {[%emt 0:00:39]} Nxc3 {[%emt 0:01:04]} 14. Rxe8+ {[%emt 0:00:05]} Qxe8 {[%emt 0:00:02]} 15. bxc3 {[%emt 0:00:07]} Bxc3 {[%emt 0:05:49]} 16. Rb1 {[%emt 0:00:30]} Nd7 {[%emt 0:09:03]} 17. Qa4 {[%emt 0:00:59]} Qd8 {[%emt 0:16:28]} 18. Bg5 {[%emt 0:15:10]} f6 {[%emt 0:03:33]} 19. Qc2 {[%emt 0:07:23]} Be5 {[%emt 0:13:21]} 20. Bh6 {[%emt 0:02:57]} f5 {[%emt 0:01:36]} 21. Ng5 {[%emt 0:18:32]} Nf8 {[%emt 0:03:03]} 22. Bc4 {[%emt 0:01:52]} Qe7 {[%emt 0:06:15]} 23. Re1 {[%emt 0:09:46]} Rb8 {[%emt 0:01:20]} 24. Bb3 {[%emt 0:09:01]} Rb4 {[%emt 0:00:48]} 25. Qxc5 {[%emt 0:10:01]} Rxb3 {[%emt 0:00:41]} 26. Qxc8 {[%emt 0:00:16]} Rb7 {[%emt 0:00:33]} 27. Ne6 {[%emt 0:01:12]} Kf7 {[%emt 0:00:29]} 28. Qxb7 {[%emt 0:01:11]} 1-0

[Event "11th Arad Open 2018"]
[Site "Arad"]
[Date "2018.08.12"]
[Round "9"]
[White "Macovei, Andrei"]
[Black "Ursan, Petru-Sebastian"]
[Result "1-0"]
[WhiteElo "2394"]
[BlackElo "2147"]
[Annotator "NA"]
[PlyCount "63"]
[EventDate "2018.08.05"]
[EventType "swiss"]
[EventCountry "ROU"]
[SourceTitle "playchess.com"]
[Source "ChessBase"]
[SourceQuality "1"]
[TimeControl "40/5400+30:1800+30"]

1. Nf3 {[%emt 0:01:16]} c5 {[%emt 0:00:00]} 2. e4 {[%emt 0:01:08]} Nc6 {[%emt 0:00:00]} 3. Bb5 {[%emt 0:00:06]} g6 {[%emt 0:00:07]} 4. Bxc6 {[%emt 0:00:03]} bxc6 {[%emt 0:00:06]} 5. O-O {[%emt 0:00:03]} Bg7 {[%emt 0:00:07]} 6. Re1 {[%emt 0:00:05]} Nh6 {[%emt 0:00:12]} 7. c3 {[%emt 0:00:31]} O-O {[%emt 0:03:22]} 8. h3 {[%emt 0:01:28]} f6 {[%emt 0:06:26]} 9. d4 {[%emt 0:00:19]} Qb6 {[%emt 0:05:28]} 10. b3 {[%emt 0:03:35]} cxd4 {[%emt 0:00:38]} 11. cxd4 {[%emt 0:00:06]} Nf7 {[%emt 0:00:15]} 12. Nc3 {[%emt 0:02:25]} d6 {[%emt 0:00:45]} 13. Bb2 {[%emt 0:02:46]} Bd7 {[%emt 0:02:29]} 14. Qd2 {[%emt 0:04:10]} Rad8 {[%emt 0:13:49]} 15. Rad1 {[%emt 0:03:27]} e5 {[%emt 0:03:49]} 16. Qc2 {[%emt 0:05:53]} Qa5 {[%emt 0:03:59]} 17. Ne2 {[%emt 0:17:19]} Be6 {[%emt 0:10:33]} 18. Bc3 {[%emt 0:03:22]} Qb6 {[%emt 0:01:51]} 19. Ng3 {[%emt 0:00:53]} Rfe8 {[%emt 0:09:34]} 20. Qb2 {[%emt 0:08:18]} c5 {[%emt 0:02:26]} 21. dxe5 {[%emt 0:01:38]} fxe5 {[%emt 0:01:42]} 22. Nd2 {[%emt 0:06:02]} Bh6 {[%emt 0:00:16]} 23. Qc2 {[%emt 0:02:17]} Qa6 {[%emt 0:03:52]} 24. Ngf1 {[%emt 0:01:37]} Rf8 {[%emt 0:00:37]} 25. Ne3 {[%emt 0:00:59]} Qc8 {[%emt 0:07:19]} 26. Qd3 {[%emt 0:01:57]} Bxh3 {[%emt 0:05:08]} 27. Nd5 {[%emt 0:00:49]} Kg7 {[%emt 0:02:02]} 28. Qxh3 {[%emt 0:00:09]} Qxh3 {[%emt 0:00:06]} 29. gxh3 {[%emt 0:00:01]} Ng5 {[%emt 0:00:07]} 30. Kg2 {[%emt 0:00:46]} Nxh3 {[%emt 0:02:35]} 31. Kxh3 {[%emt 0:00:43]} Rxf2 {[%emt 0:00:07]} 32. Rf1 {[%emt 0:00:11]} 1-0

[Event "11th Arad Open 2018"]
[Site "Arad"]
[Date "2018.08.12"]
[Round "9"]
[White "Soltanici, Ruslan"]
[Black "Vujacic, Borivoje"]
[Result "1-0"]
[WhiteElo "2383"]
[BlackElo "2235"]
[Annotator "NA"]
[PlyCount "91"]
[EventDate "2018.08.05"]
[EventType "swiss"]
[EventCountry "ROU"]
[SourceTitle "playchess.com"]
[Source "ChessBase"]
[SourceQuality "1"]
[TimeControl "40/5400+30:1800+30"]

1. e4 {[%emt 0:00:00]} c5 {[%emt 0:00:03]} 2. Nf3 {[%emt 0:00:00]} Nc6 {[%emt 0:00:08]} 3. Bb5 {[%emt 0:00:12]} d6 {[%emt 0:01:47]} 4. O-O {[%emt 0:00:44]} Bd7 {[%emt 0:00:13]} 5. Re1 {[%emt 0:00:29]} a6 {[%emt 0:00:29]} 6. Bxc6 {[%emt 0:02:07]} Bxc6 {[%emt 0:00:08]} 7. d4 {[%emt 0:00:07]} cxd4 {[%emt 0:00:05]} 8. Nxd4 {[%emt 0:00:07]} Rc8 {[%emt 0:00:05]} 9. c4 {[%emt 0:00:52]} Nf6 {[%emt 0:00:18]} 10. Nc3 {[%emt 0:02:00]} g6 {[%emt 0:07:56]} 11. Bg5 {[%emt 0:07:16]} Bg7 {[%emt 0:01:04]} 12. Qd2 {[%emt 0:00:14]} O-O {[%emt 0:00:27]} 13. Rad1 {[%emt 0:03:03]} Qb6 {[%emt 0:08:05]} 14. b3 {[%emt 0:03:32]} Rfe8 {[%emt 0:05:21]} 15. Kh1 {[%emt 0:05:24]} Ng4 {[%emt 0:07:35]} 16. Re2 {[%emt 0:10:51]} h6 {[%emt 0:04:02]} 17. Bh4 {[%emt 0:01:19]} Qa5 {[%emt 0:02:49]} 18. f3 {[%emt 0:05:26]} Nf6 {[%emt 0:05:35]} 19. Bf2 {[%emt 0:34:18]} b5 {[%emt 0:09:23]} 20. cxb5 {[%emt 0:01:08]} Bd7 {[%emt 0:02:13]} 21. Be1 {[%emt 0:04:24]} axb5 {[%emt 0:05:47]} 22. Ncxb5 {[%emt 0:00:38]} Qa6 {[%emt 0:00:07]} 23. Qa5 {[%emt 0:05:55]} Qb7 {[%emt 0:12:10]} 24. a4 {[%emt 0:01:32]} Ra8 {[%emt 0:02:13]} 25. Qc7 {[%emt 0:04:20]} Qa6 {[%emt 0:00:29]} 26. Qc4 {[%emt 0:01:13]} Rec8 {[%emt 0:01:20]} 27. Qd3 {[%emt 0:00:14]} Nh5 {[%emt 0:01:37]} 28. g3 {[%emt 0:00:35]} e5 {[%emt 0:00:31]} 29. Nc2 {[%emt 0:00:15]} Bxb5 {[%emt 0:02:42]} 30. axb5 {[%emt 0:00:33]} Qb7 {[%emt 0:01:19]} 31. Bf2 {[%emt 0:02:14]} Ra2 {[%emt 0:01:14]} 32. Nb4 {[%emt 0:00:34]} Rxe2 {[%emt 0:01:47]} 33. Qxe2 {[%emt 0:00:02]} Rc3 {[%emt 0:00:56]} 34. Nd5 {[%emt 0:03:13]} Rxb3 {[%emt 0:00:17]} 35. b6 {[%emt 0:00:01]} Qd7 {[%emt 0:01:42]} 36. Kg2 {[%emt 0:00:27]} Kh7 {[%emt 0:04:18]} 37. Rd2 {[%emt 0:00:50]} f5 {[%emt 0:00:57]} 38. Rb2 {[%emt 0:00:35]} Rxb2 {[%emt 0:00:57]} 39. Qxb2 {[%emt 0:00:03]} fxe4 {[%emt 0:00:09]} 40. fxe4 {[%emt 0:00:00]} Qg4 {[%emt 0:00:00]} 41. b7 {[%emt 0:21:35]} Qxe4+ {[%emt 0:17:59]} 42. Kg1 {[%emt 0:00:59]} Qxd5 {[%emt 0:00:33]} 43. b8=Q {[%emt 0:00:35]} Qd1+ {[%emt 0:00:14]} 44. Kg2 {[%emt 0:00:54]} e4 {[%emt 0:00:10]} 45. Q2b3 {[%emt 0:00:43]} Qg4 {[%emt 0:00:27]} 46. Q3g8# {[%emt 0:00:10]} 1-0

[Event "11th Arad Open 2018"]
[Site "Arad"]
[Date "2018.08.12"]
[Round "9"]
[White "Peptan, Corina-Isabela"]
[Black "Kutnik, Alexandru-Francisc"]
[Result "1-0"]
[WhiteElo "2380"]
[BlackElo "1986"]
[Annotator "NA"]
[PlyCount "89"]
[EventDate "2018.08.05"]
[EventType "swiss"]
[EventCountry "ROU"]
[SourceTitle "playchess.com"]
[Source "ChessBase"]
[SourceQuality "1"]
[TimeControl "40/5400+30:1800+30"]

1. d4 {[%emt 0:01:49]} c5 {[%emt 0:00:00]} 2. d5 {[%emt 0:00:29]} e6 {[%emt 0:00:00]} 3. Nc3 {[%emt 0:01:23]} d6 {[%emt 0:00:36]} 4. e4 {[%emt 0:02:23]} a6 {[%emt 0:00:41]} 5. a4 {[%emt 0:00:23]} Nf6 {[%emt 0:00:13]} 6. Nf3 {[%emt 0:06:27]} exd5 {[%emt 0:00:09]} 7. exd5 {[%emt 0:00:01]} Bg4 {[%emt 0:00:18]} 8. Be2 {[%emt 0:00:04]} Bxf3 {[%emt 0:00:08]} 9. Bxf3 {[%emt 0:00:05]} Be7 {[%emt 0:00:05]} 10. O-O {[%emt 0:00:15]} O-O {[%emt 0:00:01]} 11. Bf4 {[%emt 0:01:32]} Ne8 {[%emt 0:01:22]} 12. Ne4 {[%emt 0:05:48]} Nd7 {[%emt 0:00:38]} 13. a5 {[%emt 0:03:09]} Ne5 {[%emt 0:01:54]} 14. Bxe5 {[%emt 0:21:43]} dxe5 {[%emt 0:00:02]} 15. d6 {[%emt 0:03:35]} Bxd6 {[%emt 0:35:06]} 16. Qd5 {[%emt 0:00:12]} Qe7 {[%emt 0:00:02]} 17. Rfe1 {[%emt 0:13:04]} Rd8 {[%emt 0:02:08]} 18. Nxd6 {[%emt 0:02:09]} Rxd6 {[%emt 0:02:52]} 19. Rxe5 {[%emt 0:17:42]} Rxd5 {[%emt 0:00:45]} 20. Rxe7 {[%emt 0:00:02]} Rd2 {[%emt 0:00:09]} 21. Rxb7 {[%emt 0:00:57]} Rxc2 {[%emt 0:00:16]} 22. Rd1 {[%emt 0:00:52]} Nf6 {[%emt 0:00:48]} 23. h3 {[%emt 0:02:41]} h6 {[%emt 0:01:16]} 24. Bc6 {[%emt 0:00:19]} c4 {[%emt 0:05:44]} 25. Rb6 {[%emt 0:00:09]} Rc8 {[%emt 0:00:30]} 26. Ba4 {[%emt 0:01:52]} Re2 {[%emt 0:00:09]} 27. Kf1 {[%emt 0:00:08]} Re6 {[%emt 0:01:37]} 28. Rxe6 {[%emt 0:01:44]} fxe6 {[%emt 0:00:02]} 29. Rd6 {[%emt 0:00:15]} Rb8 {[%emt 0:07:17]} 30. Rb6 {[%emt 0:00:07]} Rd8 {[%emt 0:00:01]} 31. Rxa6 {[%emt 0:04:12]} Rd5 {[%emt 0:01:32]} 32. Ra8+ {[%emt 0:07:23]} Kf7 {[%emt 0:00:11]} 33. a6 {[%emt 0:00:29]} Ra5 {[%emt 0:00:41]} 34. Bc6 {[%emt 0:00:43]} Nd5 {[%emt 0:02:15]} 35. Bb7 {[%emt 0:01:07]} Ra2 {[%emt 0:01:13]} 36. Rc8 {[%emt 0:00:26]} Nf4 {[%emt 0:04:44]} 37. Kg1 {[%emt 0:00:25]} Ra1+ {[%emt 0:02:40]} 38. Kh2 {[%emt 0:00:05]} Ra4 {[%emt 0:00:32]} 39. Rc7+ {[%emt 0:01:25]} Kf6 {[%emt 0:00:03]} 40. Bc8 {[%emt 0:00:00]} Nd5 {[%emt 0:00:00]} 41. Rc6 {[%emt 0:17:12]} Ne7 {[%emt 0:15:33]} 42. Rxe6+ {[%emt 0:00:14]} Kf7 {[%emt 0:00:01]} 43. Bd7 {[%emt 0:00:07]} Ra5 {[%emt 0:01:37]} 44. Rb6 {[%emt 0:00:19]} Ra1 {[%emt 0:02:07]} 45. Be6+ {[%emt 0:00:14]} 1-0

[Event "11th Arad Open 2018"]
[Site "Arad"]
[Date "2018.08.12"]
[Round "9"]
[White "Farkas, Gabor"]
[Black "Creanga, Robert-Ionut"]
[Result "1-0"]
[WhiteElo "2366"]
[BlackElo "2069"]
[Annotator "NA"]
[PlyCount "65"]
[EventDate "2018.08.05"]
[EventType "swiss"]
[EventCountry "ROU"]
[SourceTitle "playchess.com"]
[Source "ChessBase"]
[SourceQuality "1"]
[TimeControl "40/5400+30:1800+30"]

1. e4 {[%emt 0:00:00]} c5 {[%emt 0:00:00]} 2. Nf3 {[%emt 0:00:00]} Nc6 {[%emt 0:00:00]} 3. d4 {[%emt 0:00:00]} cxd4 {[%emt 0:00:00]} 4. Nxd4 {[%emt 0:00:00]} Nf6 {[%emt 0:00:00]} 5. Nc3 {[%emt 0:00:00]} e5 {[%emt 0:00:00]} 6. Ndb5 {[%emt 0:00:00]} d6 {[%emt 0:00:03]} 7. Bg5 {[%emt 0:00:02]} a6 {[%emt 0:00:04]} 8. Na3 {[%emt 0:00:05]} b5 {[%emt 0:00:03]} 9. Bxf6 {[%emt 0:00:05]} gxf6 {[%emt 0:00:04]} 10. Nd5 {[%emt 0:00:05]} f5 {[%emt 0:00:05]} 11. c3 {[%emt 0:00:05]} Bg7 {[%emt 0:00:12]} 12. exf5 {[%emt 0:00:07]} Bxf5 {[%emt 0:00:05]} 13. Nc2 {[%emt 0:00:04]} O-O {[%emt 0:00:08]} 14. Nce3 {[%emt 0:00:03]} Be6 {[%emt 0:00:05]} 15. Bd3 {[%emt 0:00:04]} f5 {[%emt 0:00:04]} 16. Bc2 {[%emt 0:00:03]} Ne7 {[%emt 0:13:48]} 17. Nxe7+ {[%emt 0:01:06]} Qxe7 {[%emt 0:00:04]} 18. Bxf5 {[%emt 0:00:30]} Bxf5 {[%emt 0:06:12]} 19. Nxf5 {[%emt 0:00:09]} Qf6 {[%emt 0:00:06]} 20. g4 {[%emt 0:00:06]} Rad8 {[%emt 0:01:36]} 21. Qd5+ {[%emt 0:01:48]} Kh8 {[%emt 0:00:17]} 22. h3 {[%emt 0:00:33]} Bh6 {[%emt 0:01:26]} 23. Rd1 {[%emt 0:02:38]} Bf4 {[%emt 0:01:09]} 24. Qe4 {[%emt 0:06:36]} Qg6 {[%emt 0:06:15]} 25. f3 {[%emt 0:06:02]} h5 {[%emt 0:09:06]} 26. Rd5 {[%emt 0:01:38]} Rd7 {[%emt 0:00:56]} 27. Kd1 {[%emt 0:01:10]} Rc8 {[%emt 0:01:51]} 28. Kc2 {[%emt 0:00:45]} Rc4 {[%emt 0:00:50]} 29. Qd3 {[%emt 0:00:48]} Rc6 {[%emt 0:00:29]} 30. Rd1 {[%emt 0:00:22]} Kh7 {[%emt 0:00:57]} 31. gxh5 {[%emt 0:00:44]} Qg2+ {[%emt 0:00:07]} 32. Kb1 {[%emt 0:00:33]} Kh8 {[%emt 0:00:16]} 33. Nxd6 {[%emt 0:01:14]} 1-0

[Event "11th Arad Open 2018"]
[Site "Arad"]
[Date "2018.08.12"]
[Round "9"]
[White "Dobre, Claudiu-Cristian"]
[Black "Martian, Dragos-Daniel"]
[Result "0-1"]
[WhiteElo "2356"]
[BlackElo "2223"]
[Annotator "NA"]
[PlyCount "74"]
[EventDate "2018.08.05"]
[EventType "swiss"]
[EventCountry "ROU"]
[SourceTitle "playchess.com"]
[Source "ChessBase"]
[SourceQuality "1"]
[TimeControl "40/5400+30:1800+30"]

1. b3 {[%emt 0:00:00]} Nf6 {[%emt 0:05:04]} 2. Bb2 {[%emt 0:00:00]} e6 {[%emt 0:00:16]} 3. e3 {[%emt 0:00:10]} c5 {[%emt 0:01:17]} 4. Nf3 {[%emt 0:00:13]} d5 {[%emt 0:00:24]} 5. c4 {[%emt 0:00:09]} Bd6 {[%emt 0:00:59]} 6. cxd5 {[%emt 0:07:51]} exd5 {[%emt 0:00:13]} 7. Bxf6 {[%emt 0:10:27]} Qxf6 {[%emt 0:02:55]} 8. Nc3 {[%emt 0:03:13]} Be6 {[%emt 0:08:39]} 9. Nb5 {[%emt 0:02:18]} Qd8 {[%emt 0:01:18]} 10. Nxd6+ {[%emt 0:00:31]} Qxd6 {[%emt 0:00:06]} 11. d4 {[%emt 0:03:01]} b6 {[%emt 0:02:40]} 12. Rc1 {[%emt 0:05:52]} O-O {[%emt 0:01:16]} 13. Bd3 {[%emt 0:05:35]} h6 {[%emt 0:03:25]} 14. O-O {[%emt 0:10:40]} Bg4 {[%emt 0:05:39]} 15. h3 {[%emt 0:09:32]} Bxf3 {[%emt 0:03:01]} 16. Qxf3 {[%emt 0:00:08]} cxd4 {[%emt 0:01:01]} 17. exd4 {[%emt 0:08:12]} Nc6 {[%emt 0:01:19]} 18. Bb1 {[%emt 0:00:29]} g6 {[%emt 0:02:53]} 19. Rfd1 {[%emt 0:01:43]} Rac8 {[%emt 0:00:45]} 20. Rc3 {[%emt 0:02:27]} Kg7 {[%emt 0:01:50]} 21. h4 {[%emt 0:07:35]} Rfe8 {[%emt 0:00:57]} 22. Re3 {[%emt 0:03:54]} h5 {[%emt 0:10:39]} 23. g3 {[%emt 0:00:27]} b5 {[%emt 0:02:51]} 24. Kg2 {[%emt 0:00:51]} b4 {[%emt 0:00:54]} 25. Qe2 {[%emt 0:01:09]} Re7 {[%emt 0:08:01]} 26. Qa6 {[%emt 0:05:17]} Rxe3 {[%emt 0:04:16]} 27. fxe3 {[%emt 0:00:12]} Re8 {[%emt 0:00:28]} 28. e4 {[%emt 0:00:57]} Qd7 {[%emt 0:11:11]} 29. e5 {[%emt 0:02:02]} Qg4 {[%emt 0:01:25]} 30. Rf1 {[%emt 0:04:45]} Re6 {[%emt 0:03:13]} 31. Qb7 {[%emt 0:00:30]} Ne7 {[%emt 0:00:23]} 32. Qxa7 {[%emt 0:01:20]} g5 {[%emt 0:03:07]} 33. Rf6 {[%emt 0:04:22]} gxh4 {[%emt 0:02:49]} 34. Rxe6 {[%emt 0:00:25]} Qe2+ {[%emt 0:02:40]} 35. Kg1 {[%emt 0:00:41]} hxg3 {[%emt 0:00:33]} 36. Rf6 {[%emt 0:00:14]} Qh2+ {[%emt 0:00:13]} 37. Kf1 {[%emt 0:00:04]} g2+ {[%emt 0:00:05]} 0-1